| 000 | 00774nam a22002057a 4500 | ||
|---|---|---|---|
| 003 | OSt | ||
| 005 | 20201124073024.0 | ||
| 008 | 130909s2006 dr 001 0 spa d | ||
| 040 |
_aDO-SdBNP _bspa _cBNPHU |
||
| 082 |
_axxxx _bI73h |
||
| 100 | 1 |
_aIsa Conde, Narciso _956903 _d1942- |
|
| 245 | 1 | 0 |
_aHacia la verdadera democracia y el nuevo socialismo : _bimperialismo actual y transición revolucionaria en nuestra américa / _cNarciso Isa Conde |
| 246 |
_aHacia la nueva democracia y el nuevo socialismo : _bimperialismo actual y transición revolucionaria en nuestra américa / |
||
| 260 |
_aSanto Domingo: _bTropical; _c2006. |
||
| 300 |
_a128 p. ; _c21 cm. |
||
| 504 | _aBibliografía: p. 127-128 | ||
| 590 | _aInventariado,2020/ YL | ||
| 910 | _aYLockward | ||
| 942 |
_2ddc _cLBS1 |
||
| 999 |
_c49188 _d49188 |
||